Hartex 103- A new system for natural rubber latex concentrate production (Record no. 60227)

MARC details
000 -LEADER
fixed length control field 00438nam a2200133Ia 4500
100 ## - MAIN ENTRY--AUTHOR NAME
Personal name Clough J M T
245 #0 - TITLE STATEMENT
Title Hartex 103- A new system for natural rubber latex concentrate production
260 ## - PUBLICATION, DISTRIBUTION, ETC. (IMPRINT)
Name of publisher Proceedings of the International Rubber Conference, Kuala Lumpur. V.5, 1975; p103-118
650 ## - SUBJECT ADDED ENTRY--TOPICAL TERM
Topical Term Hartex 103
650 ## - SUBJECT ADDED ENTRY--TOPICAL TERM
Topical Term NR latex concentrate
700 ## - ADDED ENTRY--PERSONAL NAME
Personal name Glymph E M
942 ## - ADDED ENTRY ELEMENTS (KOHA)
Koha item type Journals
Holdings
Withdrawn status Lost status Damaged status Not for loan Home library Current library Shelving location Date acquired Koha item type
      Journals RRII Library RRII Library Rubber chemistry 17/12/2021 Journals